Anuario de estadísticas del organismo de investigación judicial

Tallennettuna:
Bibliografiset tiedot
Yhteisötekijä: Costa Rica. Poder Judicial. Departamento de Planificación. Sección de Estadística
Aineistotyyppi: Teksti
Julkaistu: San José: Poder Judicial
Aiheet:
Tagit: Lisää tagi
Ei tageja, Lisää ensimmäinen tagi!

MARC

LEADER 00000 a a2200000 04500
001 29083
003
040
090 |a 190700  
110 |a Costa Rica. Poder Judicial. Departamento de Planificación. Sección de Estadística  
245 |a Anuario de estadísticas del organismo de investigación judicial  
260 |a San José:   |b Poder Judicial  
300 |a 417 p  
650 |a PODER JUDICIAL  
650 |a DATOS ESTADISTICOS  
650 |a DELITOS  
650 |a HOMICIDIO  
650 |a SUICIDIO  
999 |c 1262  |d 1262